The book of wireless-(E-BOOK) (Record no. 191765)

000 -LEADER
fixed length control field 01490 a2200313 4500
003 - CONTROL NUMBER IDENTIFIER
control field Nust
005 - DATE AND TIME OF LATEST TRANSACTION
control field 20170207154023.0
010 ## - LIBRARY OF CONGRESS CONTROL NUMBER
LC control number 2007048461
020 ## - INTERNATIONAL STANDARD BOOK NUMBER
International Standard Book Number 1593271697
020 ## - INTERNATIONAL STANDARD BOOK NUMBER
International Standard Book Number 9781593271695 (pbk.)
040 ## - CATALOGING SOURCE
Transcribing agency Nust
082 00 - DEWEY DECIMAL CLASSIFICATION NUMBER
Classification number 004.6/8
100 1# - MAIN ENTRY--PERSONAL NAME
Personal name Ross, John,
245 14 - TITLE STATEMENT
Title The book of wireless-(E-BOOK)
Remainder of title a painless guide to wi-fi and broadband wireless /
Statement of responsibility, etc. by John Ross.
250 ## - EDITION STATEMENT
Edition statement 2nd ed.
260 ## - PUBLICATION, DISTRIBUTION, ETC.
Place of publication, distribution, etc. San Francisco :
Name of publisher, distributor, etc. No Starch Press,
Date of publication, distribution, etc. c2008.
300 ## - PHYSICAL DESCRIPTION
Extent xxi, 326 p. :
Other physical details ill. ;
Dimensions 24 cm.
500 ## - GENERAL NOTE
General note Includes index.
500 ## - GENERAL NOTE
General note Rev. ed. of: Book of Wi-Fi. c2003.
505 0# - FORMATTED CONTENTS NOTE
Formatted contents note Intro to networking -- Intro to wireless networking -- How Wi-Fi works -- What you need for Wi-Fi -- Setting up your computer for Wi-Fi -- How-to Windows -- How-to NIX -- How-to Mac -- Configuring and installing WAPS -- Long range point-to-point -- Public surfing -- Wi-Fi security -- Alternatives to Wi-Fi -- Phones/PDAs -- VPNs -- VOIP telephone service -- Troubleshooting & tips.
650 #0 - SUBJECT ADDED ENTRY--TOPICAL TERM
Topical term or geographic name entry element IEEE 802.11 (Standard)
650 #0 - SUBJECT ADDED ENTRY--TOPICAL TERM
Topical term or geographic name entry element Telecommunication engineering.
650 #0 - SUBJECT ADDED ENTRY--TOPICAL TERM
Topical term or geographic name entry element Wireless LANs
General subdivision Installation.
651 ## - SUBJECT ADDED ENTRY--GEOGRAPHIC NAME
Geographic name E-BOOK
700 1# - ADDED ENTRY--PERSONAL NAME
Personal name Ross, John,
Dates associated with a name 1947-
856 41 - ELECTRONIC LOCATION AND ACCESS
Materials specified Contributor biographical information
Uniform Resource Identifier <a href="http://www.loc.gov/catdir/enhancements/fy0913/2007048461-b.html">http://www.loc.gov/catdir/enhancements/fy0913/2007048461-b.html</a>
856 41 - ELECTRONIC LOCATION AND ACCESS
Materials specified Publisher description
Uniform Resource Identifier <a href="http://www.loc.gov/catdir/enhancements/fy0915/2007048461-d.html">http://www.loc.gov/catdir/enhancements/fy0915/2007048461-d.html</a>
856 41 - ELECTRONIC LOCATION AND ACCESS
Materials specified Table of contents only
Uniform Resource Identifier <a href="http://www.loc.gov/catdir/toc/ecip085/2007048461.html">http://www.loc.gov/catdir/toc/ecip085/2007048461.html</a>
942 ## - ADDED ENTRY ELEMENTS (KOHA)
Source of classification or shelving scheme
Koha item type Book
Holdings
Withdrawn status Lost status Source of classification or shelving scheme Damaged status Not for loan Collection code Permanent Location Current Location Date acquired Total Checkouts Full call number Barcode Date last seen Price effective from Koha item type
            Military College of Signals (MCS) Military College of Signals (MCS) 12/12/2016   004.68 ROS MCSEB-779 12/08/2016 12/12/2016 Book
© 2023 Central Library, National University of Sciences and Technology. All Rights Reserved.